<?xml version="1.0" encoding="UTF-8"?>
<marc:record xmlns:marc="http://www.loc.gov/MARC21/slim">
   <marc:leader>00000nam a2200000 a 4500</marc:leader>
   <marc:datafield ind1="0" ind2="0" tag="245">
      <marc:subfield code="a">Blaues Gift</marc:subfield>
   </marc:datafield>
   <marc:datafield ind1="0" ind2="0" tag="245">
      <marc:subfield code="b">Pia Korittkis dritter Fall</marc:subfield>
   </marc:datafield>
   <marc:datafield ind1=" " ind2="1" tag="264">
      <marc:subfield code="b">Lübbe Audio</marc:subfield>
      <marc:subfield code="c">2015</marc:subfield>
   </marc:datafield>
   <marc:datafield ind1="1" ind2=" " tag="490">
      <marc:subfield code="a">Pia Korittki</marc:subfield>
   </marc:datafield>
   <marc:datafield ind1="1" ind2=" " tag="520">
      <marc:subfield code="a">Aus der Ostsee wird der Leichnam des erfahrenen Skippers Holger Michaelis geborgen. Seine Segeljacht ist mit einer Fähre kollidiert und gesunken. Die Kripo aus Lübeck fragt sich, wie es zu diesem Unglück kommen konnte. Kommissarin Korittki hat derweil familiäre Sorgen ... Pia Korittkis 3. Fall.</marc:subfield>
   </marc:datafield>
   <marc:datafield ind1=" " ind2=" " tag="020">
      <marc:subfield code="a">9783785750834</marc:subfield>
      <marc:subfield code="9">9783785750834</marc:subfield>
   </marc:datafield>
</marc:record>
